LEADER 00911nam0-22002771i-450- 001 990006243790403321 005 19980601 035 $a000624379 035 $aFED01000624379 035 $a(Aleph)000624379FED01 035 $a000624379 100 $a19980601d1995----km-y0itay50------ba 105 $a--------00-yy 200 1 $aCome si affitta un immobile$eguida pratica per locare un immobile, con consigli economici, contrattuali e fiscali per qualunque tipo di locazione e per i contratti in deroga alle limitazionilegali vigenti$fFrancesco Tamborrino. 205 $a2. ed. - 210 $aMilano$cGiuffrè$d1995 676 $a346.02 700 1$aTamborrino,$bFrancesco$09567 801 0$aIT$bUNINA$gRICA$2UNIMARC 901 $aBK 912 $a990006243790403321 952 $aVIII F 912$b29457*$fFGBC 959 $aFGBC 996 $aCome si affitta un immobile$9638755 997 $aUNINA DB $aGIU01